| 000 | 01545cam a2200409 a 4500 | ||
|---|---|---|---|
| 999 |
_c7199 _d7199 |
||
| 001 | 15816469 | ||
| 003 | GZU | ||
| 005 | 20210505144740.0 | ||
| 008 | 090714s2010 enk b 001 0 eng | ||
| 010 | _a 2009028819 | ||
| 015 |
_aGBB002312 _2bnb |
||
| 016 | 7 |
_a015455573 _2Uk |
|
| 020 | _a9781441161277 | ||
| 020 | _a1441161279 | ||
| 035 | _a(OCoLC)ocn428731303 | ||
| 040 |
_aDLC _cDLC _dYDX _dUKM _dYDXCP _dBWK _dBWX _dDLC |
||
| 050 | 0 | 0 |
_aB833 HEI 2010 _b.H45 2010 |
| 082 | 0 | 0 |
_a128/.33082 _222 |
| 100 | 1 | _aHeikes, Deborah K. | |
| 245 | 1 | 0 |
_aRationality and feminist philosophy / _cDeborah K. Heikes. |
| 260 |
_aLondon ; _aNew York : _bContinuum, _cc2010. |
||
| 300 |
_aix, 173 p. ; _c24 cm. |
||
| 490 | 1 | _aContinuum studies in philosophy | |
| 500 | _aIncludes bibliography | ||
| 504 | _aIncludes bibliographical references (p. [166]-170) and index. | ||
| 600 | _2Feminist approaches | ||
| 650 | 0 | _aRationalism. | |
| 650 | 0 | _aReason. | |
| 650 | 0 | _aFeminist theory. | |
| 830 | 0 | _aContinuum studies in philosophy. | |
| 856 | 4 | 2 |
_3Contributor biographical information _uhttp://www.loc.gov/catdir/enhancements/fy1116/2009028819-b.html |
| 856 | 4 | 1 |
_3Table of contents only _uhttp://www.loc.gov/catdir/enhancements/fy1116/2009028819-t.html |
| 856 | 4 | 2 |
_3Publisher description _uhttp://www.loc.gov/catdir/enhancements/fy1213/2009028819-d.html |
| 906 |
_a7 _bcbc _corignew _d1 _eecip _f20 _gy-gencatlg |
||
| 942 |
_2lcc _cBK _h833 _iHEI _kB |
||